| 000 | 00430nam a2200193Ia 4500 | ||
|---|---|---|---|
| 005 | 20250603145430.0 | ||
| 008 | 250603s9999 xx 000 0 und d | ||
| 020 | _a9783678159 | ||
| 050 | _aKP 124 .E4/ | ||
| 100 | _aẸmiọla, Akintunde | ||
| 245 | 0 | _aNigerian labour law | |
| 250 | _a4th ed. | ||
| 260 | _aOgbomoso | ||
| 260 | _bEmiola pub. | ||
| 260 | _c2008 | ||
| 300 | _a744 p | ||
| 650 | _aOgbomoso | ||
| 942 | _cBK | ||
| 999 |
_c41844 _d41844 |
||